[Event "Biel HTO 57th"]
[Site "Biel"]
[Date "2024.07.18"]
[Round "4"]
[White "Holzke, Frank"]
[Black "Shoshin, Kirill"]
[Result "1-0"]
[WhiteElo "2450"]
[BlackElo "2277"]
[PlyCount "71"]
[EventDate "2024.07.15"]
[EventType "swiss"]
[EventRounds "10"]
[EventCountry "SUI"]
[SourceTitle "CBM 221"]
[Source "ChessBase"]
[SourceDate "2024.08.31"]
[SourceVersion "1"]
[SourceVersionDate "2024.08.31"]
[SourceQuality "1"]

1. e4 c5 2. Nf3 Nc6 3. Bb5 g6 4. 0-0 Bg7 5. d3 Nf6 6. Nc3 Nd4 7. e5 Ng4 8. Re1 a6 9. Bc4 0-0 10. Bf4 d6 11. exd6 exd6 12. a4 Be6 13. Ng5 Ne5 14. Nd5 h6 15. Ne4 f5 16. Ng3 g5 17. Bd2 f4 18. Nh5 f3 19. c3 Nf5 20. d4 cxd4 21. cxd4 Nxd4 22. Bc3 Ne2+ 23. Rxe2 fxe2 24. Qxe2 Rc8 25. Nxg7 Bxd5 26. Bxd5+ Kxg7 27. Bxb7 Rxc3 28. bxc3 a5 29. Qe3 Qc7 30. Bd5 Rb8 31. Re1 Rb2 32. h4 gxh4 33. c4 Rc2 34. Rb1 Ra2 35. Qf4 Kg6 36. Be4+ 1-0

[Event "Biel HTO 57th"]
[Site "Biel"]
[Date "2024.07.17"]
[Round "3"]
[White "Shoshin, Kirill"]
[Black "Materia, Marco"]
[Result "1/2-1/2"]
[WhiteElo "2277"]
[BlackElo "2453"]
[PlyCount "106"]
[EventDate "2024.07.15"]
[EventType "swiss"]
[EventRounds "10"]
[EventCountry "SUI"]
[SourceTitle "CBM 221"]
[Source "ChessBase"]
[SourceDate "2024.08.31"]
[SourceVersion "1"]
[SourceVersionDate "2024.08.31"]
[SourceQuality "1"]

1. d4 Nf6 2. c4 e6 3. Nc3 Bb4 4. e3 0-0 5. a3 Bxc3+ 6. bxc3 d6 7. Bd3 e5 8. e4 exd4 9. cxd4 Nxe4 10. Ne2 Re8 11. 0-0 d5 12. cxd5 Nd7 13. Qc2 Nef6 14. Bg5 h6 15. Bh4 Nb6 16. Nc3 Nbxd5 17. Nxd5 Qxd5 18. Bxf6 gxf6 19. Qxc7 Qxd4 20. Bc4 Qd7 21. Qg3+ Qg4 22. Qb3 Re7 23. Rae1 Be6 24. Bxe6 fxe6 25. h3 Qf5 26. g4 Qg6 27. Rxe6 Qf7 28. Re3 Qxb3 29. Rxb3 Rd8 30. Rc1 Kf7 31. Kg2 Rd5 32. Rc4 h5 33. Kg3 hxg4 34. hxg4 Red7 35. f3 Kg6 36. Kf4 b6 37. Ke3 f5 38. a4 Re7+ 39. Kf4 fxg4 40. fxg4 Rf7+ 41. Kg3 Rf1 42. Rc7 Ra5 43. Rb4 Rg1+ 44. Kh4 Rh1+ 45. Kg3 Kg5 46. Rg7+ Kf6 47. Rc7 Kg5 48. Rb5+ Rxb5 49. axb5 Rg1+ 50. Kf3 Ra1 51. Rg7+ Kf6 52. Rc7 Ke5 53. Kg3 Kf6 1/2-1/2

[Event "Biel HTO 57th"]
[Site "Biel"]
[Date "2024.07.16"]
[Round "2"]
[White "Valsecchi, Alessio"]
[Black "Shoshin, Kirill"]
[Result "1/2-1/2"]
[WhiteElo "2488"]
[BlackElo "2277"]
[PlyCount "70"]
[EventDate "2024.07.15"]
[EventType "swiss"]
[EventRounds "10"]
[EventCountry "SUI"]
[SourceTitle "CBM 221"]
[Source "ChessBase"]
[SourceDate "2024.08.31"]
[SourceVersion "1"]
[SourceVersionDate "2024.08.31"]
[SourceQuality "1"]

1. e4 c5 2. Nf3 Nc6 3. Bb5 g6 4. c3 Nf6 5. Qe2 e5 6. 0-0 Bg7 7. d4 cxd4 8. cxd4 Nxd4 9. Nxd4 exd4 10. e5 Nd5 11. e6 0-0 12. exf7+ Kh8 13. Na3 a6 14. Bc4 Nb6 15. Bf4 d5 16. Bd3 Qf6 17. Qd2 Rxf7 18. Bg5 Qd6 19. Rae1 Bd7 20. Bh4 Qf4 21. Qxf4 Rxf4 22. Bg3 Rf7 23. b3 Rc8 24. Re2 Bf5 25. Bxf5 Rxf5 26. Rd1 Nd7 27. f3 Ne5 28. Rc2 Nc6 29. Bf2 Re8 30. Kf1 d3 31. Rcd2 Nb4 32. Nb1 Bh6 33. Rb2 Bg7 34. Rbd2 Bh6 35. Rb2 Bg7 1/2-1/2

[Event "Titled Tuesday intern op 18th Jun Late"]
[Site "Chess.com INT"]
[Date "2024.06.18"]
[Round "2"]
[White "Shoshin, Kirill"]
[Black "Gascon del Nogal, Jose Rafael"]
[Result "0-1"]
[WhiteElo "2277"]
[BlackElo "2474"]
[PlyCount "77"]
[EventDate "2024.06.18"]
[EventType "swiss (blitz)"]
[EventRounds "11"]
[EventCountry "USA"]
[SourceTitle "EXT 2025"]
[Source "ChessBase"]
[SourceDate "2024.10.14"]
[SourceVersion "1"]
[SourceVersionDate "2024.10.14"]
[SourceQuality "1"]

1. d4 d5 2. c4 e6 3. Nf3 h6 4. g3 Nf6 5. Bg2 Bd6 6. 0-0 0-0 7. Qc2 b6 8. Nbd2 Bb7 9. b3 Nbd7 10. Bb2 Rc8 11. Rad1 Qe7 12. cxd5 exd5 13. e3 c5 14. dxc5 Nxc5 15. Qb1 Ba6 16. b4 Bd3 17. Qa1 Na4 18. Rfe1 Nxb2 19. Qxb2 Bxb4 20. Rc1 Ba3 21. Qd4 Rxc1 22. Qxd3 Rxe1+ 23. Nxe1 Bb4 24. Nc2 Bxd2 25. Qxd2 Rc8 26. Nd4 Qc5 27. Bf1 Ne4 28. Qd1 Qd6 29. Bd3 Qf6 30. Bxe4 dxe4 31. Qg4 Rc1+ 32. Kg2 Ra1 33. Qxe4 Rxa2 34. Qe8+ Kh7 35. Qe4+ g6 36. Nf3 Kg7 37. h4 Qb2 38. Kh3 Qxf2 39. Qe6 0-1

[Event "Titled Tuesday intern op 04th Jun Late"]
[Site "Chess.com INT"]
[Date "2024.06.04"]
[Round "2"]
[White "Shoshin, Kirill"]
[Black "Gorovets, Andrey"]
[Result "0-1"]
[WhiteElo "2277"]
[BlackElo "2480"]
[PlyCount "130"]
[EventDate "2024.06.04"]
[EventType "swiss (blitz)"]
[EventRounds "11"]
[EventCountry "USA"]
[SourceTitle "EXT 2025"]
[Source "ChessBase"]
[SourceDate "2024.10.14"]
[SourceVersion "1"]
[SourceVersionDate "2024.10.14"]
[SourceQuality "1"]

1. d4 d5 2. c4 e6 3. Nc3 Nf6 4. cxd5 exd5 5. Bf4 c6 6. e3 Bf5 7. Nge2 Nbd7 8. Ng3 Bg6 9. h4 h5 10. Bd3 Bxd3 11. Qxd3 Nb6 12. f3 Bd6 13. Bxd6 Qxd6 14. Nf5 Qf8 15. Kf2 g6 16. Ng3 Qe7 17. b3 0-0 18. Nge2 Rfe8 19. Nf4 Rad8 20. Rad1 Nc8 21. Nh3 Nd6 22. Ng5 Nf5 23. Rde1 c5 24. dxc5 Qxc5 25. Nb5 Rc8 26. Rc1 Qxc1 27. Rxc1 Rxc1 28. e4 dxe4 29. Nxe4 Nxe4+ 30. fxe4 Nh6 31. Nd6 Rd8 32. Kg3 Rc6 33. e5 Ng4 34. Qd5 Nxe5 35. Qxe5 Rcxd6 36. Qe7 R8d7 37. Qe8+ Kg7 38. Qe5+ Kh7 39. Qe8 b6 40. Qe5 a5 41. Kh2 Re6 42. Qf4 Kg7 43. Qf2 Rd5 44. Qf4 Rf5 45. Qd4+ Kh7 46. Qd7 Kg8 47. Qc8+ Kg7 48. Qc3+ Rfe5 49. Qc7 Re4 50. Qc3+ Kh7 51. Qf3 Kg8 52. Qg3 Rg4 53. Qb8+ Kh7 54. Kh3 Re3+ 55. Kh2 Rxh4+ 56. Kg1 Re1+ 57. Kf2 Re7 58. Qxb6 Rf4+ 59. Kg3 Rf5 60. Kh2 Ree5 61. a3 Rg5 62. Qc7 Kg7 63. Qc3 Kg8 64. Qc8+ Kh7 65. Qc7 Ref5 0-1

[Event "Titled Tuesday intern op 21st May Early"]
[Site "Chess.com INT"]
[Date "2024.05.21"]
[Round "3"]
[White "Ehlvest, Jaan"]
[Black "Shoshin, Kirill"]
[Result "1-0"]
[WhiteElo "2528"]
[BlackElo "2277"]
[PlyCount "35"]
[EventDate "2024.05.21"]
[EventType "swiss (blitz)"]
[EventRounds "11"]
[EventCountry "USA"]
[SourceTitle "CBM 220 Extra"]
[Source "ChessBase"]
[SourceDate "2024.07.31"]
[SourceVersion "1"]
[SourceVersionDate "2024.07.31"]
[SourceQuality "1"]

1. e4 c6 2. d4 d5 3. e5 c5 4. dxc5 e6 5. c3 Bxc5 6. Qg4 Ne7 7. b4 Bb6 8. Qxg7 Rg8 9. Qxh7 a5 10. b5 Qc7 11. Nf3 Nd7 12. Bf4 Nc5 13. Be2 Ne4 14. 0-0 Bd7 15. Bd3 Nxc3 16. Nxc3 Qxc3 17. Rac1 Qb4 18. Bg5 1-0

[Event "Titled Tuesday intern op 21st May Early"]
[Site "Chess.com INT"]
[Date "2024.05.21"]
[Round "2"]
[White "Goltsev, Dmitry"]
[Black "Shoshin, Kirill"]
[Result "1-0"]
[WhiteElo "2170"]
[BlackElo "2277"]
[PlyCount "43"]
[EventDate "2024.05.21"]
[EventType "swiss (blitz)"]
[EventRounds "11"]
[EventCountry "USA"]
[SourceTitle "CBM 220 Extra"]
[Source "ChessBase"]
[SourceDate "2024.07.31"]
[SourceVersion "1"]
[SourceVersionDate "2024.07.31"]
[SourceQuality "1"]

1. e4 c6 2. e5 d5 3. exd6 exd6 4. d4 d5 5. Nf3 Bd6 6. c4 Ne7 7. Nc3 0-0 8. Bd3 Bf5 9. 0-0 Bxd3 10. Qxd3 Nd7 11. Re1 dxc4 12. Qxc4 Nb6 13. Qb3 h6 14. Bd2 a5 15. a4 Bb4 16. Rad1 Ned5 17. Ne5 Nd7 18. Nxd5 Nxe5 19. Rxe5 Bxd2 20. Ne7+ Kh8 21. Rxd2 Re8 22. Qxf7 1-0

[Event "Titled Tuesday intern op 07th May Early"]
[Site "Chess.com INT"]
[Date "2024.05.07"]
[Round "2"]
[White "Shoshin, Kirill"]
[Black "Sanhueza, Cristian"]
[Result "0-1"]
[WhiteElo "2278"]
[BlackElo "2216"]
[PlyCount "62"]
[EventDate "2024.05.07"]
[EventType "swiss (blitz)"]
[EventRounds "11"]
[EventCountry "USA"]
[SourceTitle "EXT 2025"]
[Source "ChessBase"]
[SourceDate "2024.10.14"]
[SourceVersion "1"]
[SourceVersionDate "2024.10.14"]
[SourceQuality "1"]

1. e4 e5 2. Nf3 Nc6 3. Bc4 Nf6 4. d3 Bc5 5. Bg5 h6 6. Bh4 d6 7. c3 a6 8. a4 Ba7 9. Nbd2 Be6 10. Bxe6 fxe6 11. Qb3 Qd7 12. 0-0 0-0 13. Bg3 Nh5 14. Qc2 Nf4 15. Rfe1 Qf7 16. Bxf4 Qxf4 17. Qb3 Nd8 18. d4 exd4 19. cxd4 Bxd4 20. Qc4 Bxf2+ 21. Kxf2 Qxd2+ 22. Re2 Qa5 23. Rc1 Qb6+ 24. Kf1 Nc6 25. Qxe6+ Kh8 26. Rc3 Nd4 27. Qd5 Nxe2 28. Kxe2 Rae8 29. Rb3 Qc5 30. Qxc5 dxc5 31. e5 b6 0-1

[Event "Titled Tuesday intern op 23rd Apr Early"]
[Site "Chess.com INT"]
[Date "2024.04.23"]
[Round "2"]
[White "Ibadov, Dashgyn"]
[Black "Shoshin, Kirill"]
[Result "0-1"]
[WhiteElo "2376"]
[BlackElo "2277"]
[PlyCount "60"]
[EventDate "2024.04.23"]
[EventType "swiss (blitz)"]
[EventRounds "11"]
[EventCountry "USA"]
[SourceTitle "EXT 2025"]
[Source "ChessBase"]
[SourceDate "2024.10.14"]
[SourceVersion "1"]
[SourceVersionDate "2024.10.14"]
[SourceQuality "1"]

1. e4 c6 2. d4 d5 3. exd5 cxd5 4. Bd3 Nc6 5. c3 Nf6 6. h3 e5 7. dxe5 Nxe5 8. Nf3 Nxd3+ 9. Qxd3 Bd6 10. 0-0 0-0 11. Bg5 h6 12. Bh4 g5 13. Bg3 Bxg3 14. fxg3 Ne4 15. Nd4 Qd6 16. Kh2 f5 17. Nd2 Bd7 18. Rad1 Rae8 19. c4 f4 20. cxd5 fxg3+ 21. Kg1 Nf2 22. Nc4 Qa6 23. Qc2 Nxd1 24. Rxd1 b5 25. Nc6 Bf5 26. Qc3 bxc4 27. Qxg3 Qb6+ 28. Kh1 Qxb2 29. Qd6 Be4 30. Rg1 Rf1 0-1

[Event "Titled Tuesday intern op 02nd Apr Early"]
[Site "Chess.com INT"]
[Date "2024.04.02"]
[Round "1"]
[White "Manukyan, Sargis A"]
[Black "Shoshin, Kirill"]
[Result "1-0"]
[WhiteElo "2216"]
[BlackElo "2277"]
[PlyCount "39"]
[EventDate "2024.04.02"]
[EventType "swiss (blitz)"]
[EventRounds "11"]
[EventCountry "USA"]
[SourceTitle "CBM 219 Extra"]
[Source "ChessBase"]
[SourceDate "2024.05.31"]
[SourceVersion "1"]
[SourceVersionDate "2024.05.31"]
[SourceQuality "1"]

1. d4 d5 2. c4 c6 3. Nc3 Nf6 4. e3 Bf5 5. cxd5 cxd5 6. Qb3 Qc7 7. Nxd5 Nxd5 8. Qxd5 e6 9. Qb3 Nc6 10. Nf3 Bd6 11. Bd2 0-0 12. Rc1 Qe7 13. Bd3 Bg4 14. Be2 Rac8 15. 0-0 e5 16. dxe5 Nxe5 17. Rxc8 Nxf3+ 18. Bxf3 Qe5 19. Rxf8+ Kxf8 20. Rc1 1-0

[Event "Titled Tuesday intern op 12th Mar Late"]
[Site "Chess.com INT"]
[Date "2024.03.12"]
[Round "1"]
[White "Barria Zuniga, Daniel"]
[Black "Shoshin, Kirill"]
[Result "1-0"]
[WhiteElo "2341"]
[BlackElo "2277"]
[PlyCount "75"]
[EventDate "2024.03.12"]
[EventType "swiss (blitz)"]
[EventRounds "11"]
[EventCountry "USA"]
[SourceTitle "CBM 219 Extra"]
[Source "ChessBase"]
[SourceDate "2024.05.31"]
[SourceVersion "1"]
[SourceVersionDate "2024.05.31"]
[SourceQuality "1"]

1. d4 Nf6 2. c4 g6 3. Nc3 Bg7 4. e4 d6 5. Be2 0-0 6. Nf3 e5 7. d5 a5 8. Bg5 h6 9. Bh4 Na6 10. Nd2 Bd7 11. 0-0 Qe8 12. b3 h5 13. a3 Nh7 14. f3 Bh6 15. Rb1 Be3+ 16. Kh1 Bc5 17. Qc1 f5 18. exf5 gxf5 19. f4 e4 20. Re1 Qg6 21. Nf1 Nf6 22. h3 Kh7 23. Ne3 Rg8 24. Bf1 Kg7 25. Nc2 Rh8 26. b4 axb4 27. axb4 Bb6 28. Qd2 Kf7 29. Nd4 Rag8 30. Nd1 e3 31. Nxe3 Ne4 32. Qd3 Re8 33. Kh2 Rhg8 34. Nf3 c6 35. Ng5+ Nxg5 36. Bxg5 Re4 37. c5 dxc5 38. Nc4 1-0

[Event "Titled Tuesday intern op 12th Mar Late"]
[Site "Chess.com INT"]
[Date "2024.03.12"]
[Round "4"]
[White "Shoshin, Kirill"]
[Black "Ghafourian, Amir Ali"]
[Result "0-1"]
[WhiteElo "2277"]
[BlackElo "2113"]
[PlyCount "86"]
[EventDate "2024.03.12"]
[EventType "swiss (blitz)"]
[EventRounds "11"]
[EventCountry "USA"]
[SourceTitle "CBM 219 Extra"]
[Source "ChessBase"]
[SourceDate "2024.05.31"]
[SourceVersion "1"]
[SourceVersionDate "2024.05.31"]
[SourceQuality "1"]

1. e4 d6 2. d4 Nf6 3. Nc3 c6 4. Nf3 Bg4 5. Be2 e6 6. h3 Bh5 7. 0-0 Be7 8. Be3 0-0 9. Re1 d5 10. e5 Nfd7 11. Nb1 c5 12. c3 Nc6 13. Nbd2 cxd4 14. cxd4 Rc8 15. a3 Qb6 16. b4 a6 17. Nb3 Bxf3 18. Bxf3 a5 19. Nc5 Rfd8 20. b5 Nxc5 21. bxc6 Nb3 22. Rb1 a4 23. cxb7 Qxb7 24. Be2 Bxa3 25. Bd3 Bf8 26. Bg5 Be7 27. Bf6 gxf6 28. Qh5 f5 29. Re3 Kf8 30. Rg3 Ke8 31. Bxf5 Qb6 32. Rg7 Kd7 33. Qxf7 Re8 34. Rxh7 exf5 35. Qxd5+ Kc7 36. Qc4+ Qc6 37. Qd3 Kb8 38. d5 Qc4 39. Qxf5 Qxd5 40. Qf4 Rc4 41. Qg3 Rg8 42. Qh2 Qd3 43. Rxe7 Qxb1# 0-1

[Event "Titled Tuesday intern op 12th Mar Late"]
[Site "Chess.com INT"]
[Date "2024.03.12"]
[Round "7"]
[White "Shoshin, Kirill"]
[Black "Pakleza, Zbigniew"]
[Result "0-1"]
[WhiteElo "2277"]
[BlackElo "2482"]
[PlyCount "76"]
[EventDate "2024.03.12"]
[EventType "swiss (blitz)"]
[EventRounds "11"]
[EventCountry "USA"]
[SourceTitle "CBM 219 Extra"]
[Source "ChessBase"]
[SourceDate "2024.05.31"]
[SourceVersion "1"]
[SourceVersionDate "2024.05.31"]
[SourceQuality "1"]

1. d4 d6 2. e4 g6 3. Nc3 a6 4. a4 b6 5. Nf3 e6 6. h3 c6 7. Bd3 f6 8. 0-0 Ne7 9. e5 dxe5 10. dxe5 f5 11. Bg5 Bg7 12. Qc1 h6 13. Bf6 0-0 14. Ne2 Nd7 15. Bxg7 Kxg7 16. Nf4 Nc5 17. Bc4 Nd5 18. Rd1 Qe7 19. Be2 a5 20. c4 Nb3 21. Nxd5 cxd5 22. Qf4 Nxa1 23. cxd5 Nb3 24. d6 Qf7 25. Bb5 Nc5 26. Nd4 Bd7 27. Bxd7 Qxd7 28. Nb5 Rac8 29. h4 Rfd8 30. h5 g5 31. Qg3 Nxa4 32. Nd4 Nc5 33. f4 g4 34. Qh4 Qf7 35. Ne2 Ne4 36. d7 Rxd7 37. Rxd7 Qxd7 38. Ng3 Qd8 0-1

[Event "Senta Fantastico op 02"]
[Site "Senta"]
[Date "2024.02.23"]
[Round "2"]
[White "Shoshin, Kirill"]
[Black "Campos, Eugenio"]
[Result "1-0"]
[WhiteElo "2258"]
[BlackElo "2101"]
[PlyCount "55"]
[EventDate "2024.02.22"]
[EventType "swiss"]
[EventRounds "9"]
[EventCountry "SRB"]
[SourceTitle "CBM 219 Extra"]
[Source "ChessBase"]
[SourceDate "2024.05.31"]
[SourceVersion "1"]
[SourceVersionDate "2024.05.31"]
[SourceQuality "1"]

1. d4 Nf6 2. c4 g6 3. Nc3 d5 4. cxd5 Nxd5 5. e4 Nxc3 6. bxc3 Bg7 7. Qa4+ c6 8. Nf3 0-0 9. Qa3 a5 10. Be2 b5 11. 0-0 Na6 12. Rb1 Bg4 13. Be3 e5 14. Rfd1 exd4 15. cxd4 Re8 16. d5 b4 17. Qa4 c5 18. d6 Nb8 19. Bxc5 Nd7 20. Be3 Rxe4 21. h3 Rxe3 22. fxe3 Qb6 23. hxg4 Qxe3+ 24. Kf1 Nc5 25. Qc6 Re8 26. Re1 Ne4 27. Qxe8+ Bf8 28. Qxf7+ 1-0

[Event "Titled Tuesday intern op 30th Jan Late"]
[Site "Chess.com INT"]
[Date "2024.01.30"]
[Round "1"]
[White "Shoshin, Kirill"]
[Black "Ghasi, Ameet K"]
[Result "0-1"]
[WhiteElo "2258"]
[BlackElo "2509"]
[PlyCount "74"]
[EventDate "2024.01.30"]
[EventType "swiss (blitz)"]
[EventRounds "11"]
[EventCountry "USA"]
[SourceTitle "EXT 2025"]
[Source "ChessBase"]
[SourceDate "2024.10.14"]
[SourceVersion "1"]
[SourceVersionDate "2024.10.14"]
[SourceQuality "1"]

1. c4 g6 2. g3 Bg7 3. Nc3 Nf6 4. Bg2 0-0 5. d4 d6 6. h3 Nc6 7. Nf3 e5 8. Be3 Bf5 9. 0-0 Re8 10. dxe5 dxe5 11. Rc1 Qc8 12. Kh2 h6 13. Nd5 Kh7 14. Qb3 Be6 15. Rfd1 a5 16. a3 a4 17. Qc2 Ra5 18. Nxf6+ Bxf6 19. Nd2 Bg7 20. Ne4 f5 21. Nc5 e4 22. Nxe6 Qxe6 23. Rd5 Rxd5 24. cxd5 Qxd5 25. Qxa4 h5 26. b4 Be5 27. Rc5 Qd6 28. b5 Ne7 29. Qc2 h4 30. Bf4 Bxf4 31. gxf4 Qxf4+ 32. Kg1 e3 33. Rxc7 Qxf2+ 34. Kh1 Qe1+ 35. Kh2 Qg3+ 36. Kh1 Kh6 37. Qc3 Rd8 0-1

[Event "Titled Tuesday intern op 30th Jan Late"]
[Site "Chess.com INT"]
[Date "2024.01.30"]
[Round "2"]
[White "Smirnov, Timofey"]
[Black "Shoshin, Kirill"]
[Result "0-1"]
[WhiteElo "2368"]
[BlackElo "2258"]
[PlyCount "36"]
[EventDate "2024.01.30"]
[EventType "swiss (blitz)"]
[EventRounds "11"]
[EventCountry "USA"]
[SourceTitle "EXT 2025"]
[Source "ChessBase"]
[SourceDate "2024.10.14"]
[SourceVersion "1"]
[SourceVersionDate "2024.10.14"]
[SourceQuality "1"]

1. e4 c5 2. c3 e5 3. d4 cxd4 4. cxd4 exd4 5. Nf3 Bc5 6. Nxd4 Nf6 7. Nc3 0-0 8. Be3 Re8 9. Bd3 d5 10. Ne6 Bxe6 11. Bxc5 dxe4 12. Bb5 Nbd7 13. Bxd7 Nxd7 14. Be3 Ne5 15. 0-0 Qh4 16. Qc2 Nf3+ 17. gxf3 exf3 18. Qe4 Qh3 0-1